Saint Pablo- Kanye West Lyrics - Statistics

General Stats
  • This quiz has been taken 233 times
  • The average score is 289 of 500
Answer Stats
Answer % Correct
i
98%
a
96%
My
96%
my
96%
go
95%
no
95%
to
95%
at
94%
in
94%
say
94%
wife
94%
can
93%
im
93%
the
93%
me
92%
nobody
92%
said
92%
an
91%
and
91%
bro
91%
broke
91%
we
91%
both
90%
cant
90%
gon
90%
like
89%
was
89%
die
88%
friends
88%
know
88%
money
88%
this
88%
got
87%
on
87%
ask
86%
for
86%
debt
85%
out
85%
rate
85%
still
85%
did
84%
of
84%
just
83%
knowing
83%
that
83%
low
82%
stay
82%
twitter
82%
who
82%
advice
81%
best
81%
crazy
81%
people
81%
didnt
80%
TIME
80%
control
79%
going
79%
not
79%
yo
79%
you
78%
it
75%
one
73%
do
72%
feel
72%
most
72%
when
72%
only
71%
cover
70%
pretendin
70%
don
69%
einstein
69%
so
69%
generation
68%
media
68%
they
68%
dont
67%
way
67%
about
66%
fine
66%
he
66%
thing
65%
worry
65%
closest
64%
look?
64%
family
63%
night
63%
see
63%
all
62%
outlandish
62%
God
61%
life
61%
sky
61%
members
60%
real
60%
tryna
60%
confirmation
59%
its
59%
payroll
59%
hes
58%
lookin
58%
church
57%
now
54%
spendin
54%
wonder
54%
years
54%
thousand
53%
from
52%
bills
51%
especially
51%
your
49%
guess
48%
yeah
48%
hi
47%
hard
46%
wonderin
46%
gonna
45%
is
45%
with
45%
decipher
43%
get
41%
shift
41%
black
40%
where
39%
make
38%
thought
38%
need
36%
25
35%
down
35%
Gods
35%
paradigm
35%
past
35%
Jay
34%
supposed
34%
too
34%
wasnt
34%
been
33%
conventional
33%
than
33%
have
32%
back
31%
different
31%
big
30%
house
30%
own
30%
question
30%
yeezy
30%
youre
30%
blacks
29%
Electra
29%
listen
29%
long
29%
medusa
29%
mission
29%
skate
29%
submission
29%
their
29%
am
28%
but
28%
Father
28%
gemini
28%
if
28%
stare
28%
thank
28%
permission
27%
sometimes
27%
ultimate
27%
antiquated
26%
has
26%
men
26%
our
26%
survived
26%
couldnt
25%
never
25%
nightlife
25%
beaten
24%
looking
24%
whether
24%
aggressive
23%
hollywood
23%
conditions
22%
how
22%
bout
21%
kids
21%
million
21%
producers
21%
over
20%
troll
20%
truth
19%
ive
18%
car
17%
children
17%
believe
16%
buy
16%
checkbook
16%
light
16%
talkin
16%
balance
15%
great
15%
jews
15%
neck
15%
dime
14%
downloaded
14%
illegally
14%
new
14%
oh
14%
phone
14%
ringin
14%
share
14%
come
13%
crime
13%
drums
13%
hoe
13%
told
13%
well
13%
more
12%
much
12%
sat
12%
before
11%
brother
11%
mirage
11%
or
11%
workin
11%
chains
10%
looks
10%
smiled
10%
through
10%
buyin
9%
later
9%
spirits
9%
stick
9%
up
9%
worse
9%
400
8%
body
8%
presentation
8%
wakin
8%
cause
7%
esteem
7%
false
7%
instagram
7%
muhammad
7%
reality
7%
salary
7%
self
7%
together
7%
us
7%
boss
6%
let
6%
lies
6%
touch
6%
dream
5%
gets
5%
minister
5%
owner
5%
perceptions
5%
checkin
4%
crowdsource
4%
devils
4%
experience
4%
happen
4%
home
4%
millions
4%
prayin
4%
smokescreens
4%
will
4%
brothers
3%
mans
3%
woken
2%
enlightened
1%
influetial
1%
coments
0%
No matching quizzes found
Score Distribution
Percent of People with Each Score
Percentile by Number Answered
Your Score History
You have not taken this quiz